| 000 | 00528nam a2200193Ia 4500 | ||
|---|---|---|---|
| 005 | 20250423101407.0 | ||
| 008 | 250422s9999 xx 000 0 und d | ||
| 020 | _a0471160784 | ||
| 050 | _aHD 62.5 .B95/ | ||
| 100 | _aBygrave, William D.,|c 1937- . | ||
| 245 | 4 | _aThe portable MBA in entreneurship | |
| 250 | _a2nd ed. | ||
| 260 | _aNew York | ||
| 260 | _bWiley | ||
| 260 | _cc1997 | ||
| 300 | _a510 p | ||
| 650 | _aENTREPRENEURSHIP NEW BUSINESS ENTERPRISES SMALL BUSINESS_MANAGEMENT VENTURE CAPITAL | ||
| 942 | _cBK | ||
| 999 |
_c36179 _d36179 |
||